Leicester City Scorers in 2010s Champions League - Statistics

General Stats
  • This quiz has been taken 237 times
  • The average score is 5 of 6
Answer Stats
Player Nation Gls % Correct
Riyad Mahrez Algeria 4
100%
Jamie Vardy England 2
99%
Wes Morgan Jamaica 1
85%
Shinji Okazaki Japan 1
84%
Marc Albrighton England 2
74%
Islam Slimani Algeria 1
63%
No matching quizzes found
Score Distribution
Percent of People with Each Score
Percentile by Number Answered
Your Score History
You have not taken this quiz